| 000 | 00339nam a2200133Ia 4500 | ||
|---|---|---|---|
| 008 | 210210b1989 xxu||||| |||| 00| 0 eng d | ||
| 082 | _a291 GHAU | ||
| 100 | _aGHAI (O P). | ||
| 245 | _aUnity in diversity. | ||
| 260 |
_aN D _bSterling Publishers Pvt Ltd., _c1989 |
||
| 300 | _axviii,134 | ||
| 690 | _aComparative Religion | ||
| 906 | _a044318 | ||
| 999 |
_c93952 _d93952 |
||